[Event "2nd China Binhai Open 2020"]
[Site "Tianjin"]
[Date "2020.01.13"]
[Round "1.1"]
[White "Sethuraman, S.P."]
[Black "Guo, Weibao"]
[Result "1-0"]
[WhiteElo "2638"]
[BlackElo "1905"]
[PlyCount "105"]
[EventDate "2020.01.13"]
[EventType "swiss"]
[EventRounds "9"]
[EventCountry "CHN"]
[TimeControl "5400+30"]
[WhiteClock "0:03:30"]
[BlackClock "0:14:12"]

1. Nf3 {[%emt 0:00:00]} d5 {[%emt 0:00:00]} 2. e3 {[%emt 0:00:00]} Nf6 {[%emt 0:00:58]} 3. c4 {[%emt 0:00:06]} e6 {[%emt 0:02:19]} 4. Nc3 {[%emt 0:00:08]} Be7 {[%emt 0:00:04]} 5. b3 {[%emt 0:00:14]} O-O {[%emt 0:03:21]} 6. Bb2 {[%emt 0:00:06]} b6 {[%emt 0:01:01]} 7. d4 {[%emt 0:04:01]} Bb7 {[%emt 0:02:56]} 8. Bd3 {[%emt 0:00:31]} Nbd7 {[%emt 0:02:43]} 9. Qc2 {[%emt 0:00:11]} Bd6 {[%emt 0:07:59]} 10. cxd5 {[%emt 0:12:00]} exd5 {[%emt 0:01:44]} 11. O-O {[%emt 0:00:09]} a6 {[%emt 0:00:48]} 12. Rac1 {[%emt 0:00:19]} Re8 {[%emt 0:02:20]} 13. Ne2 {[%emt 0:02:49]} Ne4 {[%emt 0:08:01]} 14. Ng3 {[%emt 0:05:39]} Rc8 {[%emt 0:06:03]} 15. Rfd1 {[%emt 0:15:34]} f6 {[%emt 0:22:20]} 16. Nd2 {[%emt 0:09:30]} Qe7 {[%emt 0:06:16]} 17. Nf5 {[%emt 0:03:43]} Qe6 {[%emt 0:02:01]} 18. Nxe4 {[%emt 0:04:14]} dxe4 {[%emt 0:04:30]} 19. Bc4 {[%emt 0:00:11]} Bd5 {[%emt 0:00:04]} 20. Nxd6 {[%emt 0:00:59]} Qxd6 {[%emt 0:08:06]} 21. Bxa6 {[%emt 0:04:23]} Ra8 {[%emt 0:00:38]} 22. Bc4 {[%emt 0:03:54]} Rxa2 {[%emt 0:01:52]} 23. b4 {[%emt 0:00:08]} Ra7 {[%emt 0:00:32]} 24. Qb3 {[%emt 0:04:39]} Bxc4 {[%emt 0:02:04]} 25. Qxc4+ {[%emt 0:00:06]} Kh8 {[%emt 0:00:18]} 26. d5 {[%emt 0:01:11]} f5 {[%emt 0:04:42]} 27. Qd4 {[%emt 0:01:29]} Ne5 {[%emt 0:01:59]} 28. Rc6 {[%emt 0:03:19]} Qd7 {[%emt 0:01:49]} 29. Re6 {[%emt 0:00:23]} Rxe6 {[%emt 0:02:03]} 30. dxe6 {[%emt 0:00:06]} Qxd4 {[%emt 0:00:50]} 31. Rxd4 {[%emt 0:03:10]} Ra8 {[%emt 0:00:28]} 32. Rd5 {[%emt 0:02:33]} Nc4 {[%emt 0:01:33]} 33. h4 {[%emt 0:04:56]} Re8 {[%emt 0:00:57]} 34. Bd4 {[%emt 0:01:01]} Kg8 {[%emt 0:01:30]} 35. Rd7 {[%emt 0:01:09]} c5 {[%emt 0:01:16]} 36. bxc5 {[%emt 0:00:24]} bxc5 {[%emt 0:00:27]} 37. Rxg7+ {[%emt 0:00:06]} Kf8 {[%emt 0:00:07]} 38. Rf7+ {[%emt 0:00:05]} Kg8 {[%emt 0:00:03]} 39. Bxc5 {[%emt 0:00:16]} Rxe6 {[%emt 0:00:48]} 40. Rxf5 {[%emt 0:00:06]} Ne5 {[%emt 0:00:33]} 41. Bd4 {[%emt 0:00:31]} Nf7 {[%emt 0:00:44]} 42. Kh2 {[%emt 0:00:22]} h6 {[%emt 0:00:29]} 43. h5 {[%emt 0:01:43]} Nd6 {[%emt 0:00:46]} 44. Rf6 {[%emt 0:00:42]} Rxf6 {[%emt 0:00:06]} 45. Bxf6 {[%emt 0:00:04]} Kf7 {[%emt 0:00:04]} 46. Be5 {[%emt 0:00:05]} Ne8 {[%emt 0:00:35]} 47. g4 {[%emt 0:00:31]} Ke6 {[%emt 0:00:43]} 48. Bf4 {[%emt 0:00:06]} Nf6 {[%emt 0:00:09]} 49. Kg3 {[%emt 0:00:07]} Ng8 {[%emt 0:00:04]} 50. g5 {[%emt 0:03:53]} hxg5 {[%emt 0:00:14]} 51. Bxg5 {[%emt 0:00:05]} Kf5 {[%emt 0:00:09]} 52. Kh4 {[%emt 0:00:06]} Ke6 {[%emt 0:00:24]} 53. h6 {[%emt 0:00:15]} 1-0

[Event "2nd China Binhai Open 2020"]
[Site "Tianjin"]
[Date "2020.01.13"]
[Round "1.2"]
[White "Cai, Zhuoran"]
[Black "Zhou, Jianchao"]
[Result "0-1"]
[WhiteElo "1902"]
[BlackElo "2623"]
[PlyCount "74"]
[EventDate "2020.01.13"]
[EventType "swiss"]
[EventRounds "9"]
[EventCountry "CHN"]
[TimeControl "5400+30"]
[WhiteClock "0:30:31"]
[BlackClock "0:11:03"]

1. d4 {[%emt 0:00:00]} Nf6 {[%emt 0:00:00]} 2. Nf3 {[%emt 0:00:00]} g6 {[%emt 0:00:00]} 3. c4 {[%emt 0:00:00]} Bg7 {[%emt 0:00:00]} 4. Nc3 {[%emt 0:00:09]} O-O {[%emt 0:00:00]} 5. e4 {[%emt 0:00:34]} d6 {[%emt 0:00:00]} 6. Be2 {[%emt 0:01:00]} e5 {[%emt 0:01:17]} 7. dxe5 {[%emt 0:00:16]} dxe5 {[%emt 0:00:02]} 8. Qxd8 {[%emt 0:00:12]} Rxd8 {[%emt 0:00:01]} 9. Nd5 {[%emt 0:00:38]} Nxd5 {[%emt 0:02:06]} 10. cxd5 {[%emt 0:00:02]} c6 {[%emt 0:00:07]} 11. Bc4 {[%emt 0:00:05]} b5 {[%emt 0:00:47]} 12. Bb3 {[%emt 0:00:11]} Bb7 {[%emt 0:00:07]} 13. Bg5 {[%emt 0:01:46]} Rd7 {[%emt 0:00:22]} 14. Rd1 {[%emt 0:04:55]} cxd5 {[%emt 0:01:43]} 15. Bxd5 {[%emt 0:02:29]} Bxd5 {[%emt 0:00:11]} 16. Rxd5 {[%emt 0:01:20]} Rxd5 {[%emt 0:00:05]} 17. exd5 {[%emt 0:00:07]} Nd7 {[%emt 0:04:04]} 18. Ke2 {[%emt 0:02:56]} Rc8 {[%emt 0:06:47]} 19. Rc1 {[%emt 0:00:21]} Rxc1 {[%emt 0:00:04]} 20. Bxc1 {[%emt 0:00:04]} Bf8 {[%emt 0:01:02]} 21. b3 {[%emt 0:08:38]} f6 {[%emt 0:02:32]} 22. Be3 {[%emt 0:01:51]} a6 {[%emt 0:02:23]} 23. Ne1 {[%emt 0:07:33]} Kf7 {[%emt 0:16:30]} 24. Nd3 {[%emt 0:09:35]} e4 {[%emt 0:01:27]} 25. Nf4 {[%emt 0:04:55]} f5 {[%emt 0:02:40]} 26. Ne6 {[%emt 0:02:13]} Nf6 {[%emt 0:03:07]} 27. Nc7 {[%emt 0:17:04]} Bd6 {[%emt 0:03:01]} 28. Nxa6 {[%emt 0:00:07]} Nxd5 {[%emt 0:00:05]} 29. Bd4 {[%emt 0:00:18]} b4 {[%emt 0:06:39]} 30. g3 {[%emt 0:05:54]} g5 {[%emt 0:01:26]} 31. Kd2 {[%emt 0:03:07]} h5 {[%emt 0:03:01]} 32. Bc5 {[%emt 0:00:52]} Ke6 {[%emt 0:00:26]} 33. Bd4 {[%emt 0:00:49]} f4 {[%emt 0:05:54]} 34. Nc5+ {[%emt 0:03:56]} Kf5 {[%emt 0:06:03]} 35. Ke2 {[%emt 0:06:51]} Nc3+ {[%emt 0:02:56]} 36. Bxc3 {[%emt 0:03:32]} bxc3 {[%emt 0:00:52]} 37. Na4 {[%emt 0:03:07]} c2 {[%emt 0:00:12]} 0-1

[Event "2nd China Binhai Open 2020"]
[Site "Tianjin"]
[Date "2020.01.13"]
[Round "1.3"]
[White "Batchuluun, Tsegmed"]
[Black "Tian, Jialin"]
[Result "1-0"]
[WhiteElo "2530"]
[BlackElo "1902"]
[Annotator "RC"]
[PlyCount "113"]
[EventDate "2020.01.13"]
[EventType "swiss"]
[EventRounds "9"]
[EventCountry "CHN"]
[TimeControl "5400+30"]
[WhiteClock "0:01:11"]
[BlackClock "0:03:53"]

1. d4 {[%emt 0:00:00]} Nf6 {[%emt 0:00:02]} 2. c4 {[%emt 0:00:00]} g6 {[%emt 0:00:27]} 3. Nc3 {[%emt 0:00:00]} Bg7 {[%emt 0:00:12]} 4. e4 {[%emt 0:00:39]} d6 {[%emt 0:00:13]} 5. f3 {[%emt 0:01:23]} O-O {[%emt 0:00:20]} 6. Be3 {[%emt 0:00:04]} Nc6 {[%emt 0:03:01]} 7. Nge2 {[%emt 0:00:29]} e5 {[%emt 0:00:18]} 8. d5 {[%emt 0:00:34]} Ne7 {[%emt 0:00:14]} 9. Qd2 {[%emt 0:00:58]} a6 {[%emt 0:01:39]} 10. g4 {[%emt 0:09:46]} Ne8 {[%emt 0:14:23]} 11. h4 {[%emt 0:08:37]} f5 {[%emt 0:08:05]} 12. g5 {[%emt 0:03:52]} f4 {[%emt 0:03:34]} 13. Bf2 {[%emt 0:00:10]} h6 {[%emt 0:03:31]} 14. O-O-O {[%emt 0:03:40]} b5 {[%emt 0:04:40]} 15. c5 {[%emt 0:06:21]} dxc5 {[%emt 0:03:38]} 16. Bxc5 {[%emt 0:00:07]} Nd6 {[%emt 0:00:31]} 17. Kb1 {[%emt 0:04:38]} h5 {[%emt 0:13:52]} 18. Nc1 {[%emt 0:01:00]} Kh7 {[%emt 0:03:50]} 19. Nb3 {[%emt 0:05:07]} Nb7 {[%emt 0:03:44]} 20. Bb4 {[%emt 0:06:59]} Re8 {[%emt 0:11:55]} 21. Be2 {[%emt 0:07:18]} Bd7 {[%emt 0:03:00]} 22. Na5 {[%emt 0:12:59]} Nd6 {[%emt 0:04:02]} 23. Rc1 {[%emt 0:02:04]} Nec8 {[%emt 0:06:31]} 24. Rc2 {[%emt 0:01:12]} Nb6 {[%emt 0:01:16]} 25. b3 {[%emt 0:01:05]} Qb8 {[%emt 0:01:26]} 26. Rhc1 {[%emt 0:01:42]} Nb7 {[%emt 0:01:36]} 27. Nd1 {[%emt 0:08:08]} Nxa5 {[%emt 0:01:31]} 28. Bxa5 {[%emt 0:00:05]} Ra7 {[%emt 0:00:21]} 29. Nb2 {[%emt 0:00:23]} Bf8 {[%emt 0:00:30]} 30. Ka1 {[%emt 0:00:16]} Ba3 {[%emt 0:00:50]} 31. Rd1 {[%emt 0:03:30]} Bd6 {[%emt 0:00:59]} 32. Nd3 {[%emt 0:00:11]} Nc8 {[%emt 0:02:40]} 33. Nc5 {[%emt 0:02:02]} Rd8 {[%emt 0:00:42]} 34. Rdc1 {[%emt 0:00:47]} Ne7 {[%emt 0:00:39]} 35. Qc3 {[%emt 0:02:19]} Nc8 {[%emt 0:01:13]} 36. Bf1 {[%emt 0:01:37]} Nb6 {[%emt 0:00:41]} 37. Qb2 {[%emt 0:02:25]} Bc8 {[%emt 0:00:43]} 38. Nd3 {[%emt 0:00:23]} Re8 {[%emt 0:00:14]} 39. Qc3 {[%emt 0:03:05]} Bd7 {[%emt 0:00:27]} 40. Nb4 {[%emt 0:00:46]} Qb7 {[%emt 0:01:40]} 41. Nd3 {[%emt 0:00:51]} Qb8 {[%emt 0:00:13]} 42. Qb2 {[%emt 0:00:57]} Bc8 {[%emt 0:00:11]} 43. Bc3 {[%emt 0:00:23]} Nd7 {[%emt 0:00:12]} 44. Ba5 {[%emt 0:01:22]} Nb6 {[%emt 0:00:07]} 45. Nc5 {[%emt 0:00:03]} Re7 {[%emt 0:00:42]} 46. Qc3 {[%emt 0:00:20]} Re8 {[%emt 0:00:37]} 47. Qd2 {[%emt 0:00:06]} Re7 {[%emt 0:00:43]} 48. Nd3 {[%emt 0:00:28]} Bd7 {[%emt 0:00:50]} 49. Nb4 {[%emt 0:00:45]} Qb7 {[%emt 0:00:18]} 50. Nc6 {[%emt 0:00:16]} Bxc6 {[%emt 0:00:08]} 51. Rxc6 {[%emt 0:00:17]} Nc8 {[%emt 0:00:28]} 52. Bh3 {[%emt 0:00:09]} Ra8 {[%emt 0:00:16]} 53. Bxc8 {[%emt 0:00:50]} Rxc8 {[%emt 0:00:20]} 54. Qc3 {[%emt 0:00:01]} Rd7 {[%emt 0:00:15]} 55. Bb4 {[%emt 0:00:47]} Bxb4 {[%emt 0:00:31]} 56. Qxb4 {[%emt 0:00:05]} Rcd8 {[%emt 0:01:48]} 57. Qc3 {[%emt 0:00:16]} 1-0

[Event "2nd China Binhai Open 2020"]
[Site "Tianjin"]
[Date "2020.01.13"]
[Round "1.4"]
[White "Xu, Nuo"]
[Black "Liu, Yan"]
[Result "0-1"]
[WhiteElo "1891"]
[BlackElo "2513"]
[PlyCount "76"]
[EventDate "2020.01.13"]
[EventType "swiss"]
[EventRounds "9"]
[EventCountry "CHN"]
[TimeControl "5400+30"]
[WhiteClock "0:27:46"]
[BlackClock "0:34:43"]

1. e4 {[%emt 0:00:00]} c5 {[%emt 0:00:00]} 2. Nf3 {[%emt 0:00:00]} d6 {[%emt 0:00:16]} 3. c3 {[%emt 0:00:00]} Nf6 {[%emt 0:01:38]} 4. Qc2 {[%emt 0:00:06]} Bg4 {[%emt 0:01:32]} 5. Be2 {[%emt 0:01:16]} Nc6 {[%emt 0:01:44]} 6. h3 {[%emt 0:03:01]} Bh5 {[%emt 0:00:41]} 7. d3 {[%emt 0:00:33]} e6 {[%emt 0:01:11]} 8. Be3 {[%emt 0:00:30]} Be7 {[%emt 0:01:53]} 9. Nbd2 {[%emt 0:00:09]} O-O {[%emt 0:01:17]} 10. g4 {[%emt 0:05:25]} Bg6 {[%emt 0:00:16]} 11. Nh4 {[%emt 0:00:42]} d5 {[%emt 0:05:08]} 12. Nxg6 {[%emt 0:04:49]} hxg6 {[%emt 0:01:43]} 13. Nf3 {[%emt 0:09:17]} Rc8 {[%emt 0:03:59]} 14. O-O {[%emt 0:05:32]} e5 {[%emt 0:05:57]} 15. Nd2 {[%emt 0:03:32]} d4 {[%emt 0:02:16]} 16. Bg5 {[%emt 0:00:22]} Nh7 {[%emt 0:00:11]} 17. Bxe7 {[%emt 0:00:23]} Qxe7 {[%emt 0:00:12]} 18. Kg2 {[%emt 0:05:24]} Ng5 {[%emt 0:01:26]} 19. f4 {[%emt 0:01:17]} exf4 {[%emt 0:01:04]} 20. Rxf4 {[%emt 0:00:09]} Ne6 {[%emt 0:00:20]} 21. Rf2 {[%emt 0:00:15]} g5 {[%emt 0:00:21]} 22. Rh1 {[%emt 0:02:32]} Ne5 {[%emt 0:03:03]} 23. Nf3 {[%emt 0:02:02]} Nf4+ {[%emt 0:09:33]} 24. Kf1 {[%emt 0:01:34]} c4 {[%emt 0:01:11]} 25. Nxe5 {[%emt 0:04:10]} Qxe5 {[%emt 0:00:07]} 26. dxc4 {[%emt 0:01:11]} Rfd8 {[%emt 0:07:56]} 27. Rf3 {[%emt 0:02:10]} Rd6 {[%emt 0:05:54]} 28. h4 {[%emt 0:02:44]} Rcd8 {[%emt 0:04:04]} 29. cxd4 {[%emt 0:00:54]} Rxd4 {[%emt 0:00:11]} 30. Re3 {[%emt 0:04:15]} Rd2 {[%emt 0:03:12]} 31. Qc3 {[%emt 0:00:20]} Qxc3 {[%emt 0:02:02]} 32. bxc3 {[%emt 0:00:17]} Rxa2 {[%emt 0:00:13]} 33. Rh2 {[%emt 0:02:23]} gxh4 {[%emt 0:00:14]} 34. Rxh4 {[%emt 0:01:46]} g5 {[%emt 0:00:06]} 35. Rh2 {[%emt 0:02:14]} Rdd2 {[%emt 0:00:26]} 36. e5 {[%emt 0:01:22]} a5 {[%emt 0:02:19]} 37. e6 {[%emt 0:01:33]} fxe6 {[%emt 0:00:07]} 38. Re5 {[%emt 0:00:08]} Kf7 {[%emt 0:07:31]} 0-1

[Event "2nd China Binhai Open 2020"]
[Site "Tianjin"]
[Date "2020.01.13"]
[Round "1.5"]
[White "Dai, Changren"]
[Black "Gong, Sunle"]
[Result "1-0"]
[WhiteElo "2511"]
[BlackElo "1860"]
[Annotator "TA"]
[PlyCount "51"]
[EventDate "2020.01.13"]
[EventType "swiss"]
[EventRounds "9"]
[EventCountry "CHN"]

{[%evp 14,51,5,-1,0,-78,45,45,60,59,47,0,56,32,100,104,87,85,233,243,230,233,229,249,247,235,243,241,847,803,824,743,1334,1303,29990,29991,29991,29992,29996,-650]} 1. c4 c6 2. Nf3 d5 3. e3 Nf6 4. b3 e6 5. Bb2 Nbd7 6. Qc2 Bd6 7. Nc3 O-O 8. Be2 b6 {A11: English Opening: 1...c6} (8... Qe7 9. O-O b6 10. cxd5 cxd5 11. Nb5 Ba6 12. Qd1 Bxb5 13. Bxb5 a6 14. Be2 Ba3 15. Qc1 Bxb2 16. Qxb2 {½-½ (33) Ivanchuk,V (2728)-Duda,J (2707) Tbilisi 2017}) 9. g4 (9. d4 $11 {keeps the balance.}) 9... Bb7 (9... Nxg4 $17 10. cxd5 exd5) 10. g5 $14 Ne8 {White is slightly better.} 11. h4 e5 12. Bd3 $146 ({Predecessor:} 12. h5 b5 13. Bd3 e4 14. Nxe4 dxe4 15. Bxe4 f5 16. Bxf5 Rxf5 17. Qxf5 {0-1 (48) Chadaev,N (2573)-Potapov,P (2474) Olginka 2011}) 12... g6 (12... f5 $1 $11 13. Bxf5 e4) 13. h5 $1 {[%cal Rh5g6]} Nc5 ({Better is} 13... Ng7 $14) 14. Be2 $1 $16 Qe7 15. d4 $36 {[%mdl 2048] White is in control.} Nd7 {[#]} (15... exd4 $16 16. Nxd4 Nc7) 16. dxe5 $1 $18 Nxe5 17. O-O-O Ba3 18. Bxa3 Qxa3+ {[#]} 19. Kb1 $1 Nxf3 20. Bxf3 dxc4 $2 (20... Qc5 21. cxd5 cxd5 22. Bxd5 Bxd5 23. Nxd5 Qxc2+ 24. Kxc2 Kg7) 21. hxg6 fxg6 22. Rd7 cxb3 23. axb3 Rxf3 24. Rhxh7 {White mates.} Rf5 25. f4 Bc8 {[#]} 26. Rh8+ $1 {[%mdl 33344] Decoy, Back Rank. Accuracy: White = 86%, Black = 23%. . Loss on time!?} 1-0

[Event "2nd China Binhai Open 2020"]
[Site "Tianjin"]
[Date "2020.01.13"]
[Round "1.6"]
[White "Chen, Yiru"]
[Black "Peng, Xiongjian"]
[Result "0-1"]
[WhiteElo "1852"]
[BlackElo "2489"]
[Annotator "RC"]
[PlyCount "84"]
[EventDate "2020.01.13"]
[EventType "swiss"]
[EventRounds "9"]
[EventCountry "CHN"]
[TimeControl "5400+30"]
[WhiteClock "0:25:14"]
[BlackClock "0:06:38"]

1. e4 {[%emt 0:00:00]} g6 {[%emt 0:00:00]} 2. d4 {[%emt 0:01:03]} Bg7 {[%emt 0:00:10]} 3. Be3 {[%emt 0:00:34]} c5 {[%emt 0:03:35]} 4. c3 {[%emt 0:00:24]} cxd4 {[%emt 0:00:19]} 5. cxd4 {[%emt 0:03:10]} d5 {[%emt 0:01:27]} 6. e5 {[%emt 0:06:22]} f6 {[%emt 0:04:21]} 7. Bb5+ {[%emt 0:06:10]} Nc6 {[%emt 0:00:44]} 8. Qa4 {[%emt 0:02:15]} fxe5 {[%emt 0:07:13]} 9. Bxc6+ {[%emt 0:00:59]} bxc6 {[%emt 0:00:06]} 10. Qxc6+ {[%emt 0:00:56]} Bd7 {[%emt 0:00:14]} 11. Qxd5 {[%emt 0:01:57]} exd4 {[%emt 0:06:18]} 12. Bd2 {[%emt 0:11:58]} Qc8 {[%emt 0:04:29]} 13. Nf3 {[%emt 0:10:48]} Bc6 {[%emt 0:00:27]} 14. Qc4 {[%emt 0:00:33]} Bxf3 {[%emt 0:19:40]} 15. Qxc8+ {[%emt 0:00:17]} Rxc8 {[%emt 0:00:07]} 16. gxf3 {[%emt 0:00:06]} Nf6 {[%emt 0:00:20]} 17. Na3 {[%emt 0:01:52]} Nd7 {[%emt 0:01:16]} 18. f4 {[%emt 0:10:08]} Nc5 {[%emt 0:00:59]} 19. b3 {[%emt 0:05:32]} O-O {[%emt 0:01:14]} 20. O-O {[%emt 0:04:17]} Nd3 {[%emt 0:00:44]} 21. Nc4 {[%emt 0:01:04]} Rc5 {[%emt 0:01:09]} 22. Rad1 {[%emt 0:05:11]} Rh5 {[%emt 0:00:25]} 23. Be3 {[%emt 0:01:56]} Nxf4 {[%emt 0:00:52]} 24. Bxf4 {[%emt 0:00:02]} Rxf4 {[%emt 0:00:08]} 25. Rd2 {[%emt 0:00:09]} Rg4+ {[%emt 0:04:17]} 26. Kh1 {[%emt 0:00:04]} Bh6 {[%emt 0:00:16]} 27. Rd3 {[%emt 0:01:30]} e5 {[%emt 0:03:54]} 28. Re1 {[%emt 0:06:26]} Bf4 {[%emt 0:05:53]} 29. h3 {[%emt 0:00:27]} Rgg5 {[%emt 0:06:18]} 30. Nd6 {[%emt 0:01:01]} Be3 {[%emt 0:01:55]} 31. Kh2 {[%emt 0:01:38]} Bxf2 {[%emt 0:00:29]} 32. Rc1 {[%emt 0:00:27]} Be3 {[%emt 0:01:50]} 33. Rc8+ {[%emt 0:00:54]} Kg7 {[%emt 0:00:05]} 34. Rc7+ {[%emt 0:01:13]} Kf8 {[%emt 0:00:10]} 35. Rf7+ {[%emt 0:00:47]} Kg8 {[%emt 0:00:05]} 36. Rxa7 {[%emt 0:00:27]} Rh4 {[%emt 0:00:53]} 37. Re7 {[%emt 0:08:54]} Rf4 {[%emt 0:01:03]} 38. Re8+ {[%emt 0:02:07]} Kg7 {[%emt 0:00:07]} 39. Re7+ {[%emt 0:00:21]} Kf6 {[%emt 0:00:09]} 40. Rxh7 {[%emt 0:00:11]} Rf2+ {[%emt 0:01:52]} 41. Kh1 {[%emt 0:00:05]} Rf1+ {[%emt 0:00:04]} 42. Kh2 {[%emt 0:00:07]} Bf4+ {[%emt 0:00:09]} 0-1

[Event "2nd China Binhai Open 2020"]
[Site "Tianjin"]
[Date "2020.01.13"]
[Round "1.7"]
[White "Wang, Shixu B"]
[Black "Bai, Changlin"]
[Result "1-0"]
[WhiteElo "2469"]
[BlackElo "1832"]
[Annotator "TA"]
[PlyCount "67"]
[EventDate "2020.01.13"]
[EventType "swiss"]
[EventRounds "9"]
[EventCountry "CHN"]

{[%evp 23,67,70,85,85,127,105,245,235,256,247,264,262,462,431,420,354,1064,675,597,453,1280,1119,29983,2028,29980,577,610,681,679,680,1015,1015,1015,960,826,817,774,652,5569,5547,4778,2981,29990,29991,29993,29994]} 1. d4 Nf6 2. c4 e6 3. Nc3 Bb4 4. e3 d5 5. a3 Bxc3+ 6. bxc3 c5 7. cxd5 exd5 8. Bd3 O-O 9. Ne2 Nc6 10. O-O c4 11. Bc2 b5 12. f3 Re8 13. Ng3 {E49: Nimzo-Indian: Rubinstein: 5 Bd3 d5 6 a3 Bxc3+ 7 bxc3} a5 14. e4 h6 (14... Rf8 $16) (14... dxe4 15. fxe4 Bg4 16. Qd2 Nh5 17. Nh1 b4 18. axb4 axb4 19. Rxa8 Qxa8 20. Nf2 Bd7 {½-½ (68) Comas Fabrego,L (2513)-Galego,L (2501) Merida 2005}) 15. e5 $18 {White is clearly better.} Nh7 16. f4 Rb8 17. f5 b4 $2 (17... f6 18. e6 Rb7) 18. axb4 axb4 {[#]} 19. f6 $1 {[%mdl 512]} bxc3 $2 (19... g6 20. Bxg6 {[%mdl 64] Promotion} fxg6) (19... gxf6 20. Qh5) 20. fxg7 $146 {Strongly threatening Qh5!} ({Predecessor:} 20. Qh5 Nxd4 21. fxg7 {1-0 (21) Behrhorst,F (2260)-Allekand,L Jyvaskyla 1993}) 20... Qb6 21. Nh5 {Bxh7+ would kill now.} Rxe5 (21... Qxd4+ $142 22. Qxd4 Nxd4) 22. Rb1 Qa7 23. Rxb8 (23. Bxh7+ $142 Kxh7 24. Rxb8 Qxb8 25. dxe5 Kg8 26. Nf6+ Kxg7 27. Bxh6+ $1 {[%mdl 512]} Kh8 28. Qh5) 23... Nxb8 24. Bxh6 (24. Bxh7+ $142 Kxh7 {[#]} 25. Bxh6 $1 {[%mdl 512]} Qb6 26. Nf6+ Qxf6 27. Rxf6 c2 28. Qxc2+ Re4 29. Qc1 $1 {[%mdl 512]}) 24... f5 {intending ...Nc6.} 25. Kh1 Re8 {Black hopes to continue with ...Nc6.} 26. Ng3 Nc6 27. Bxf5 Bxf5 28. Nxf5 Re6 29. Bc1 Nd8 30. Nh6+ Kxg7 31. Qg4+ Rg6 32. Nf5+ Kf7 {[#]} 33. Nd6+ $1 {[%mdl 576] Discovered Attack (Double check)} Kg7 {[#]} 34. Bh6+ $1 {[%mdl 576] Pin. Accuracy: White = 83%, Black = 26%.} 1-0

[Event "2nd China Binhai Open 2020"]
[Site "Tianjin"]
[Date "2020.01.13"]
[Round "1.8"]
[White "Chen, Yining"]
[Black "Zhao, Yuanhe"]
[Result "0-1"]
[WhiteElo "1826"]
[BlackElo "2470"]
[Annotator "RC"]
[PlyCount "44"]
[EventDate "2020.01.13"]
[EventType "swiss"]
[EventRounds "9"]
[EventCountry "CHN"]
[TimeControl "5400+30"]
[WhiteClock "1:06:21"]
[BlackClock "0:44:25"]

1. d4 {[%emt 0:00:00]} Nf6 {[%emt 0:00:00]} 2. c4 {[%emt 0:00:00]} g6 {[%emt 0:00:00]} 3. Nc3 {[%emt 0:00:07]} d5 {[%emt 0:00:00]} 4. cxd5 {[%emt 0:00:18]} Nxd5 {[%emt 0:00:00]} 5. e4 {[%emt 0:00:20]} Nxc3 {[%emt 0:00:00]} 6. bxc3 {[%emt 0:00:07]} Bg7 {[%emt 0:00:00]} 7. Be3 {[%emt 0:00:19]} c5 {[%emt 0:00:15]} 8. Qd2 {[%emt 0:00:42]} O-O {[%emt 0:00:17]} 9. Rc1 {[%emt 0:00:57]} b6 {[%emt 0:03:37]} 10. Nf3 {[%emt 0:02:44]} Nc6 {[%emt 0:06:53]} 11. d5 {[%emt 0:01:13]} Na5 {[%emt 0:00:24]} 12. c4 {[%emt 0:02:13]} e6 {[%emt 0:00:50]} 13. Bd3 {[%emt 0:04:14]} exd5 {[%emt 0:00:22]} 14. cxd5 {[%emt 0:02:23]} Re8 {[%emt 0:04:07]} 15. Qc2 {[%emt 0:09:29]} Bd7 {[%emt 0:08:01]} 16. O-O {[%emt 0:01:43]} c4 {[%emt 0:01:22]} 17. Bxc4 {[%emt 0:08:35]} Rc8 {[%emt 0:06:34]} 18. Qe2 {[%emt 0:02:18]} Rxc4 {[%emt 0:00:40]} 19. Rxc4 {[%emt 0:00:24]} Bb5 {[%emt 0:00:12]} 20. Nd2 {[%emt 0:06:20]} Nxc4 {[%emt 0:00:12]} 21. Nxc4 {[%emt 0:00:24]} Rxe4 {[%emt 0:00:40]} 22. Rc1 {[%emt 0:11:45]} Qxd5 {[%emt 0:00:13]} 0-1

[Event "2nd China Binhai Open 2020"]
[Site "Tianjin"]
[Date "2020.01.13"]
[Round "1.9"]
[White "Zou, Chen"]
[Black "He, Ping"]
[Result "1-0"]
[WhiteElo "2459"]
[BlackElo "1812"]
[PlyCount "53"]
[EventDate "2020.01.13"]
[EventType "swiss"]
[EventRounds "9"]
[EventCountry "CHN"]
[TimeControl "5400+30"]

1. e4 d6 2. d4 Nf6 3. Nc3 g6 4. f4 Bg7 5. Nf3 O-O 6. e5 dxe5 7. fxe5 Nfd7 8. h4 c5 9. h5 cxd4 10. hxg6 hxg6 11. Qxd4 Nxe5 12. Qh4 Nxf3+ 13. gxf3 f5 14. Qh7+ Kf7 15. Rg1 Qb6 16. Bc4+ Ke8 17. Rxg6 Bxc3+ 18. bxc3 Qc5 19. Bh6 Qxc4 20. Bxf8 Qxc3+ 21. Kf2 Qxc2+ 22. Kg1 Qc5+ 23. Kh1 Nc6 24. Bxe7 Nxe7 25. Qh8+ Kd7 26. Rd1+ Kc7 27. Qh2+ 1-0

[Event "2nd China Binhai Open 2020"]
[Site "Tianjin"]
[Date "2020.01.13"]
[Round "1.10"]
[White "Xu, Yiming"]
[Black "Xiang, Zeyu"]
[Result "0-1"]
[WhiteElo "1778"]
[BlackElo "2446"]
[PlyCount "62"]
[EventDate "2020.01.13"]
[EventType "swiss"]
[EventRounds "9"]
[EventCountry "CHN"]
[TimeControl "5400+30"]

1. e4 e5 2. Nc3 Nc6 3. d3 Bc5 4. Be3 d6 5. Qd2 Be6 6. g3 Qd7 7. h4 Bxe3 8. fxe3 Nf6 9. Bg2 d5 10. exd5 Nxd5 11. Ne4 b6 12. Nh3 h6 13. Nhf2 O-O-O 14. a3 f5 15. Nc3 Nxc3 16. Qxc3 Bd5 17. e4 fxe4 18. Nxe4 Nd4 19. Qd2 Qc6 20. c4 Bxe4 21. dxe4 Nf3+ 22. Bxf3 Rxd2 23. Kxd2 Rd8+ 24. Kc3 Qc5 25. Bg4+ Kb7 26. Rae1 Qf2 27. Be2 Qe3+ 28. Kb4 Rd2 29. b3 Rb2 30. Bd1 Qd2+ 31. Ka4 Qa5# 0-1